000 00337 a2200157 4500
001 73212
020 _a8516043312
040 _cAnchieta - Colégio São Paulo
100 _aFeltre, Ricardo
240 1 0 _aQuímica
_lpor
245 1 0 _aQuímica
300 _a417
362 0 _a2006
650 4 _aQuímica e ciências afins
942 _cBK
999 _c73212
_d73212